[Event "St Petersburg Botvinnik Memorial op"]
[Site "St Petersburg"]
[Date "2012.08.25"]
[Round "1"]
[White "Kaneyama, Men Cher"]
[Black "Rozhko, Dmitry"]
[Result "1-0"]
[WhiteElo "1955"]
[BlackElo "2388"]
[PlyCount "117"]
[EventDate "2012.08.25"]
[EventType "swiss"]
[EventRounds "9"]
[EventCountry "RUS"]
[SourceTitle "CBM 150 Extra"]
[Source "ChessBase"]
[SourceDate "2012.10.19"]
[SourceVersion "1"]
[SourceVersionDate "2012.10.19"]
[SourceQuality "1"]

1. e4 e6 2. d4 d5 3. Nc3 Bb4 4. Bd3 Ne7 5. Nf3 c5 6. a3 Bxc3+ 7. bxc3 b6 8. c4 dxc4 9. Bxc4 Ba6 10. Bxa6 Nxa6 11. Qd3 Nc7 12. dxc5 Qxd3 13. cxd3 bxc5 14. Be3 Na6 15. Rb1 0-0 16. Ke2 Rab8 17. Rhc1 Rb6 18. Ne5 Rfb8 19. Rxb6 axb6 20. Rb1 Rb7 21. Nc4 Nc8 22. a4 Nb4 23. a5 bxa5 24. Bxc5 Rb5 25. d4 f5 26. exf5 exf5 27. Nxa5 Nd5 28. Rxb5 Nc3+ 29. Kd3 Nxb5 30. Kc4 Ncd6+ 31. Bxd6 Nxd6+ 32. Kd5 Nb5 33. Kc5 Nc3 34. d5 Kf7 35. Kc6 Ne2 36. Nb3 Ke8 37. d6 Kd8 38. d7 f4 39. Nc5 Nd4+ 40. Kd6 Nb5+ 41. Ke6 Nd4+ 42. Ke5 f3 43. gxf3 Nb5 44. f4 Ke7 45. f5 Nc3 46. h4 Na2 47. h5 h6 48. d8Q+ Kxd8 49. Ne6+ Ke7 50. Nxg7 Nb4 51. f6+ Kf7 52. Ne6 Nd3+ 53. Kf5 Kg8 54. Nd8 Kh7 55. Ke6 Nf4+ 56. Kd7 Nd5 57. f7 Kg7 58. Ke6 Nf4+ 59. Kd6 1-0

[Event "Chigorin Memorial 18th"]
[Site "St Petersburg"]
[Date "2010.11.02"]
[Round "6"]
[White "Kaneyama, Men Cher"]
[Black "Kuzevanova, Evgenia"]
[Result "1-0"]
[WhiteElo "1956"]
[BlackElo "2126"]
[PlyCount "81"]
[EventDate "2010.10.28"]
[EventType "swiss"]
[EventRounds "9"]
[EventCountry "RUS"]
[SourceTitle "EXT 2011"]
[Source "ChessBase"]
[SourceDate "2010.11.26"]
[SourceVersion "1"]
[SourceVersionDate "2010.11.26"]
[SourceQuality "1"]

1. e4 c5 2. Nf3 Nc6 3. Nc3 e6 4. d4 cxd4 5. Nxd4 d6 6. f4 Nf6 7. Bb5 Bd7 8. Be3 Be7 9. 0-0 0-0 10. Qf3 Qc7 11. Bd3 a6 12. Qg3 Kh8 13. e5 dxe5 14. Nxc6 exf4 15. Rxf4 Bxc6 16. Qh3 g6 17. Raf1 Qe5 18. Bd4 Bc5 19. Bxc5 Qxc5+ 20. Kh1 Nh5 21. Rxf7 Rxf7 22. Rxf7 Rf8 23. Qxe6 Rxf7 24. Qxf7 Qd6 25. Bc4 Qd8 26. Bd5 Bxd5 27. Nxd5 b5 28. h3 Ng3+ 29. Kh2 Ne4 30. Qe6 Qb8+ 31. Kg1 Qa7+ 32. Nb6 Ng5 33. Qe8+ Kg7 34. Qd7+ Qxd7 35. Nxd7 Ne4 36. Nb8 a5 37. Nc6 a4 38. Nd4 b4 39. Nc6 a3 40. b3 Kf6 41. Nxb4 1-0

[Event "St Petersburg Autumn op"]
[Site "St Petersburg"]
[Date "2010.10.24"]
[Round "9"]
[White "Kaneyama, Men Cher"]
[Black "Zavgorodniaya, Alena"]
[Result "1-0"]
[WhiteElo "1956"]
[BlackElo "1789"]
[PlyCount "73"]
[EventDate "2010.10.16"]
[EventType "swiss"]
[EventRounds "9"]
[EventCountry "RUS"]
[SourceTitle "EXT 2011"]
[Source "ChessBase"]
[SourceDate "2010.11.26"]
[SourceVersion "1"]
[SourceVersionDate "2010.11.26"]
[SourceQuality "1"]

1. e4 e5 2. Nf3 Nc6 3. Bb5 a6 4. Ba4 Nf6 5. 0-0 Be7 6. Re1 b5 7. Bb3 d6 8. c3 0-0 9. h3 Na5 10. Bc2 c5 11. d4 Qc7 12. Nbd2 cxd4 13. cxd4 Nc6 14. d5 Nb4 15. Bb1 a5 16. Nf1 Bd7 17. a3 Na6 18. Be3 Rfc8 19. Bd3 Qb7 20. g4 Nc5 21. Ng3 g6 22. Rc1 Nxd3 23. Qxd3 Bf8 24. Nd2 Bg7 25. Kh2 Ne8 26. f4 exf4 27. Bxf4 Bxb2 28. Rb1 Rc3 29. Qd4 Rc2 30. Rxb2 Rac8 31. Rxc2 Rxc2 32. e5 dxe5 33. Rxe5 Qc8 34. Nge4 Qd8 35. Rxe8+ Bxe8 36. Nf6+ Kf8 37. Bh6+ 1-0

[Event "St Petersburg-ch sf"]
[Site "St Petersburg"]
[Date "2010.02.20"]
[Round "8"]
[White "Dushin, Nikolay"]
[Black "Kaneyama, Men Cher"]
[Result "1/2-1/2"]
[WhiteElo "2054"]
[BlackElo "1964"]
[PlyCount "156"]
[EventDate "2010.02.13"]
[EventType "swiss"]
[EventRounds "9"]
[EventCountry "RUS"]
[SourceTitle "CBM 135 Extra"]
[Source "ChessBase"]
[SourceDate "2010.05.04"]
[SourceVersion "1"]
[SourceVersionDate "2010.05.04"]
[SourceQuality "1"]

1. d4 e6 2. e4 d5 3. exd5 exd5 4. Bd3 Nf6 5. Bg5 Be7 6. c3 0-0 7. Ne2 h6 8. Bf4 Bd6 9. 0-0 b6 10. Nd2 Bb7 11. Bxd6 Qxd6 12. Ng3 g6 13. Re1 Nbd7 14. Qf3 Rae8 15. h4 h5 16. Ndf1 Ng4 17. Ne2 Ndf6 18. Qf4 Qxf4 19. Nxf4 Rxe1 20. Rxe1 Re8 21. Rxe8+ Nxe8 22. Nd2 Nd6 23. Kf1 c5 24. Ke2 c4 25. Bc2 b5 26. a4 a6 27. Nf3 Nc8 28. axb5 axb5 29. Ne5 Ne7 30. Nxg4 hxg4 31. g3 b4 32. cxb4 Nc6 33. Ke3 Nxb4 34. Bb1 Kg7 35. Kd2 Kf6 36. Kc3 Na6 37. b3 cxb3 38. Kxb3 Nc7 39. Bd3 Ne6 40. Nxe6 Kxe6 41. Kb4 Kd6 42. Bb5 Bc8 43. Be8 Be6 44. Bb5 Bf5 45. Ka5 Be4 46. Kb6 Bf3 47. Ba6 Bd1 48. Bc8 Be2 49. Ka5 f5 50. h5 gxh5 51. Bxf5 Ke7 52. Bg6 Kf6 53. Bc2 Bf3 54. Kb5 Be4 55. Bb3 Kg5 56. Kc5 h4 57. gxh4+ Kxh4 58. Bxd5 Bf5 59. Kd6 Kh3 60. Ke5 Bd7 61. Kf4 Kh2 62. Bc4 Kg2 63. Be2 Kxf2 64. Bxg4 Bc6 65. Bf5 Bd5 66. Ke5 Bb3 67. Be6 Ba4 68. d5 Ke3 69. Bf5 Bb5 70. d6 Bc6 71. Ke6 Kd4 72. Ke7 Ke5 73. Bg6 Bb5 74. Bd3 Bc6 75. Ba6 Ba4 76. Bc8 Bc6 77. Bd7 Bd5 78. Be8 Be6 1/2-1/2

[Event "St Petersburg-ch sf"]
[Site "St Petersburg"]
[Date "2010.02.19"]
[Round "7"]
[White "Kaneyama, Men Cher"]
[Black "Reznik, Vladimir"]
[Result "0-1"]
[WhiteElo "1964"]
[BlackElo "2158"]
[PlyCount "66"]
[EventDate "2010.02.13"]
[EventType "swiss"]
[EventRounds "9"]
[EventCountry "RUS"]
[SourceTitle "CBM 135 Extra"]
[Source "ChessBase"]
[SourceDate "2010.05.04"]
[SourceVersion "1"]
[SourceVersionDate "2010.05.04"]
[SourceQuality "1"]

1. e4 e5 2. Nf3 Nc6 3. d4 exd4 4. Nxd4 Bc5 5. Nb3 Bb6 6. a4 a5 7. Nc3 Qf6 8. Qe2 Nge7 9. Be3 Nb4 10. 0-0-0 0-0 11. Bxb6 Qxb6 12. f4 d5 13. e5 Bf5 14. Nd4 c5 15. Nxf5 Nxf5 16. Nxd5 Nxd5 17. Rxd5 Qb4 18. Kb1 Qxf4 19. Qc4 Qh6 20. Qd3 Ne3 21. Rd7 Qf4 22. Be2 Qxa4 23. Rxb7 Qf4 24. Bf3 Nc4 25. e6 fxe6 26. Qd7 Qe5 27. Bg4 Rae8 28. h4 a4 29. h5 h6 30. Rh3 a3 31. Rf3 a2+ 32. Kxa2 Ra8+ 33. Kb3 Na5+ 0-1

[Event "St Petersburg Chigorin CC-ch"]
[Site "St Petersburg"]
[Date "2009.05.29"]
[Round "9"]
[White "Kaneyama, Men Cher"]
[Black "Kudriavtsev, Yury"]
[Result "1/2-1/2"]
[WhiteElo "1987"]
[BlackElo "1917"]
[PlyCount "41"]
[EventDate "2009.05.19"]
[EventType "swiss"]
[EventRounds "9"]
[EventCountry "RUS"]
[SourceTitle "CBM 130 Extra"]
[Source "ChessBase"]
[SourceDate "2009.07.02"]
[SourceVersion "2"]
[SourceVersionDate "2009.07.15"]
[SourceQuality "1"]

1. e4 e6 2. d4 d5 3. Nc3 Bb4 4. Bd3 c5 5. a3 Bxc3+ 6. bxc3 Bd7 7. e5 c4 8. Bf1 Ba4 9. f4 Nc6 10. g3 Nge7 11. Bh3 g6 12. Nf3 h5 13. Ng5 Nf5 14. Bxf5 gxf5 15. Bd2 Qc7 16. Kf2 Ke7 17. h4 Rag8 18. Ra2 Rg6 19. Rb2 a6 20. Qe2 b5 21. Rg1 1/2-1/2

[Event "St Petersburg Chigorin CC-ch"]
[Site "St Petersburg"]
[Date "2009.05.25"]
[Round "6"]
[White "Usmanov, Vasily"]
[Black "Kaneyama, Men Cher"]
[Result "1-0"]
[WhiteElo "2084"]
[BlackElo "1987"]
[PlyCount "75"]
[EventDate "2009.05.19"]
[EventType "swiss"]
[EventRounds "9"]
[EventCountry "RUS"]
[SourceTitle "CBM 130 Extra"]
[Source "ChessBase"]
[SourceDate "2009.07.02"]
[SourceVersion "2"]
[SourceVersionDate "2009.07.15"]
[SourceQuality "1"]

1. c4 e5 2. Nc3 d6 3. Nf3 f5 4. d3 Nf6 5. g3 g6 6. Bg2 Bg7 7. 0-0 Nc6 8. Rb1 0-0 9. b4 a6 10. Qb3 Kh8 11. b5 axb5 12. cxb5 Ne7 13. Ng5 d5 14. Ba3 h6 15. Nf3 d4 16. Nxe5 dxc3 17. Bxe7 Qe8 18. Bxf8 Bxf8 19. Qxc3 Bg7 20. Qxc7 Kh7 21. Rfc1 Rxa2 22. Qxc8 Qxe5 23. Rc2 Rxc2 24. Qxc2 f4 25. Bxb7 fxg3 26. hxg3 Ng4 27. Bf3 Qd4 28. Bxg4 Qxg4 29. b6 Be5 30. b7 Bxg3 31. fxg3 Qxg3+ 32. Kf1 Qh3+ 33. Ke1 Qg3+ 34. Kd1 Qg1+ 35. Kd2 Qg5+ 36. e3 Qg2+ 37. Kc1 Qf1+ 38. Qd1 1-0

[Event "St Petersburg Chigorin CC-ch"]
[Site "St Petersburg"]
[Date "2009.05.22"]
[Round "4"]
[White "Kopasov, Evgeny Aleksandrovi"]
[Black "Kaneyama, Men Cher"]
[Result "1-0"]
[WhiteElo "2075"]
[BlackElo "1987"]
[PlyCount "61"]
[EventDate "2009.05.19"]
[EventType "swiss"]
[EventRounds "9"]
[EventCountry "RUS"]
[SourceTitle "CBM 130 Extra"]
[Source "ChessBase"]
[SourceDate "2009.07.02"]
[SourceVersion "2"]
[SourceVersionDate "2009.07.15"]
[SourceQuality "1"]

1. d4 d5 2. c4 e6 3. Nc3 Nf6 4. Bg5 Be7 5. e3 0-0 6. Nf3 h6 7. Bh4 b6 8. Qc2 Bb7 9. Bxf6 Bxf6 10. cxd5 exd5 11. 0-0-0 g6 12. h4 h5 13. Ne5 Kg7 14. g4 Rh8 15. g5 Bxe5 16. dxe5 c6 17. Ne4 Qe7 18. Nd6 Bc8 19. f4 Bg4 20. Rd2 Rd8 21. Qc3 Kg8 22. Kb1 a5 23. Bd3 Ra7 24. Rc1 Rc7 25. e4 Rdd7 26. f5 dxe4 27. Bxe4 gxf5 28. Bxf5 Bxf5+ 29. Nxf5 Qe6 30. Nh6+ Kg7 31. Rd6 1-0

[Event "St Petersburg Chigorin CC-ch"]
[Site "St Petersburg"]
[Date "2009.05.21"]
[Round "3"]
[White "Kaneyama, Men Cher"]
[Black "Rumiantsev, Alex"]
[Result "1-0"]
[WhiteElo "1987"]
[BlackElo "1931"]
[PlyCount "123"]
[EventDate "2009.05.19"]
[EventType "swiss"]
[EventRounds "9"]
[EventCountry "RUS"]
[SourceTitle "CBM 130 Extra"]
[Source "ChessBase"]
[SourceDate "2009.07.02"]
[SourceVersion "2"]
[SourceVersionDate "2009.07.15"]
[SourceQuality "1"]

1. e4 e5 2. Nf3 Nc6 3. Bb5 a6 4. Ba4 Nf6 5. 0-0 Nxe4 6. Bxc6 dxc6 7. d3 Nf6 8. Nxe5 Be7 9. Nc3 0-0 10. h3 Be6 11. Be3 Bd6 12. f4 Bxe5 13. fxe5 Nd5 14. Qd2 Nxc3 15. bxc3 Qd5 16. d4 c5 17. Rf3 cxd4 18. cxd4 f6 19. exf6 Rxf6 20. Rxf6 gxf6 21. Qf2 Qf5 22. Qg3+ Kh8 23. Rf1 Rg8 24. Qh4 Qg6 25. Rf2 Bd5 26. g4 Qe4 27. Qxf6+ Rg7 28. Re2 Qf3 29. Qxf3 Bxf3 30. Rf2 Bd5 31. Bf4 Rf7 32. Be5+ Kg8 33. a3 c6 34. Rxf7 Kxf7 35. Kf2 b5 36. Ke3 Kg6 37. Kf4 a5 38. Bd6 Bc4 39. h4 Bd5 40. h5+ Kf7 41. g5 Bc4 42. Ke3 Bd5 43. Kd3 a4 44. Kc3 Bf3 45. h6 Bd5 46. Kb4 Kg6 47. Bf4 Kf5 48. Bc1 Kg6 49. Kc5 Kf7 50. c4 bxc4 51. Kb4 Be4 52. Kxa4 c3 53. Kb4 c2 54. Kc5 Ke7 55. Kb6 Kd6 56. a4 Kd5 57. Be3 c1Q 58. Bxc1 Kxd4 59. Ba3 Ke5 60. a5 Kf5 61. Bc1 Ke6 62. a6 1-0

[Event "St Petersburg Autumn op"]
[Site "St Petersburg"]
[Date "2009.??.??"]
[Round "8"]
[White "Kaneyama, Men Cher"]
[Black "De Luna Butz, Alberto"]
[Result "1/2-1/2"]
[WhiteElo "1980"]
[BlackElo "1795"]
[PlyCount "50"]
[EventDate "2009.10.??"]
[EventType "swiss"]
[EventRounds "9"]
[EventCountry "RUS"]
[SourceTitle "EXT 2011"]
[Source "ChessBase"]
[SourceDate "2010.11.26"]
[SourceVersion "1"]
[SourceVersionDate "2010.11.26"]
[SourceQuality "1"]

1. e4 e6 2. d4 d5 3. Nc3 dxe4 4. Nxe4 Bd7 5. Nf3 Bc6 6. Bd3 Nd7 7. 0-0 Ngf6 8. Re1 Bxe4 9. Bxe4 Nxe4 10. Rxe4 Be7 11. b3 0-0 12. Bb2 Bf6 13. Ne5 c6 14. Qf3 Nxe5 15. dxe5 Be7 16. Rd1 Qc7 17. Qg3 Rad8 18. Rd6 g6 19. Qc3 Qc8 20. Rxd8 Rxd8 21. Rd4 Rxd4 22. Qxd4 Qd8 23. Qxd8+ Bxd8 24. c4 g5 25. g4 h5 1/2-1/2

[Event "St Petersburg Autumn op"]
[Site "St Petersburg"]
[Date "2009.??.??"]
[Round "5"]
[White "Kaneyama, Men Cher"]
[Black "Sinajskij, Anatolij"]
[Result "0-1"]
[WhiteElo "1980"]
[BlackElo "2100"]
[PlyCount "128"]
[EventDate "2009.10.??"]
[EventType "swiss"]
[EventRounds "9"]
[EventCountry "RUS"]
[SourceTitle "EXT 2011"]
[Source "ChessBase"]
[SourceDate "2010.11.26"]
[SourceVersion "1"]
[SourceVersionDate "2010.11.26"]
[SourceQuality "1"]

1. e4 d6 2. d4 Nf6 3. Nc3 g6 4. Be3 c6 5. Qd2 Qa5 6. Nf3 Nbd7 7. Be2 b5 8. e5 b4 9. exf6 bxc3 10. Qxc3 Qxc3+ 11. bxc3 Nxf6 12. Nd2 Nd5 13. Bf3 Bd7 14. c4 Nxe3 15. fxe3 Bh6 16. Ke2 Kd8 17. Rab1 Kc7 18. Rb3 Rhb8 19. Rhb1 Bg7 20. a4 Rxb3 21. Rxb3 e5 22. c3 f5 23. Kf2 g5 24. g3 h5 25. a5 g4 26. Bg2 Rf8 27. Rb1 h4 28. Kg1 hxg3 29. hxg3 Bh6 30. Nf1 f4 31. exf4 exf4 32. gxf4 Bxf4 33. Re1 Re8 34. Rxe8 Bxe8 35. Be4 Bd7 36. Bd3 c5 37. Be4 Be6 38. dxc5 dxc5 39. Kf2 Kd6 40. Bd3 Ke5 41. Ke2 Bf7 42. Kf2 Be8 43. Ng3 Bc6 44. Be2 Bf3 45. Bxf3 gxf3 46. Nh5 Ke4 47. Nf6+ Kd3 48. Kxf3 Be5 49. Nd7 Bd6 50. a6 Kxc3 51. Ke4 Kxc4 52. Nb6+ Kb5 53. Nc8 Bb8 54. Kd3 c4+ 55. Kd4 Kb4 56. Ne7 Kb3 57. Nc6 Bc7 58. Ke3 Bb6+ 59. Ke2 c3 60. Ne5 Bc5 61. Nd3 Be7 62. Nc1+ Kb2 63. Nd3+ Kb1 64. Ke3 c2 0-1

[Event "St Petersburg Autumn op"]
[Site "St Petersburg"]
[Date "2009.??.??"]
[Round "1"]
[White "Kaneyama, Men Cher"]
[Black "Vlasov, Egor"]
[Result "1/2-1/2"]
[WhiteElo "1980"]
[BlackElo "2280"]
[PlyCount "53"]
[EventDate "2009.10.??"]
[EventType "swiss"]
[EventRounds "9"]
[EventCountry "RUS"]
[SourceTitle "EXT 2011"]
[Source "ChessBase"]
[SourceDate "2010.11.26"]
[SourceVersion "1"]
[SourceVersionDate "2010.11.26"]
[SourceQuality "1"]

1. e4 e5 2. Nf3 Nc6 3. Bb5 a6 4. Ba4 Nf6 5. 0-0 Nxe4 6. Re1 Nc5 7. Bxc6 dxc6 8. Nxe5 Be7 9. d4 Nd7 10. Qe2 Nxe5 11. Qxe5 Be6 12. c3 0-0 13. Bf4 Bd6 14. Qe3 Re8 15. Nd2 Qd7 16. Qg3 Bf5 17. Bxd6 cxd6 18. Nc4 d5 19. Rxe8+ Rxe8 20. Nd6 Rf8 21. Nxf5 Qxf5 22. Qc7 Qc8 23. Qxc8 Rxc8 24. Re1 Kf8 25. f4 c5 26. dxc5 Rxc5 27. Kf2 1/2-1/2

[Event "St Petersburg Autumn op"]
[Site "St Petersburg"]
[Date "2009.??.??"]
[Round "2"]
[White "Vunder, Andrei"]
[Black "Kaneyama, Men Cher"]
[Result "1-0"]
[WhiteElo "2245"]
[BlackElo "1980"]
[PlyCount "103"]
[EventDate "2009.10.??"]
[EventType "swiss"]
[EventRounds "9"]
[EventCountry "RUS"]
[SourceTitle "EXT 2011"]
[Source "ChessBase"]
[SourceDate "2010.11.26"]
[SourceVersion "1"]
[SourceVersionDate "2010.11.26"]
[SourceQuality "1"]

1. d4 d5 2. Nf3 Nf6 3. Bg5 e6 4. e3 Be7 5. Nbd2 0-0 6. Bd3 h6 7. Bf4 b6 8. Ne5 Bb7 9. Qf3 Nfd7 10. Qg3 Bg5 11. Ndf3 Bxf4 12. exf4 Nf6 13. Qh3 c5 14. c3 cxd4 15. Nxd4 Nfd7 16. Nxe6 Qf6 17. Nxf8 Nxe5 18. fxe5 Qxe5+ 19. Qe3 Qxe3+ 20. fxe3 Kxf8 21. Rd1 Nc6 22. 0-0 Ne5 23. Be2 Re8 24. Kf2 Re6 25. Rd4 g5 26. h3 Kg7 27. Re1 f5 28. Ra4 a6 29. Rd1 b5 30. Rad4 Kf6 31. a4 Nc4 32. Bxc4 bxc4 33. a5 Ke5 34. Ra1 Bc6 35. h4 g4 36. Ke2 Re8 37. Kd2 h5 38. Kc2 Rb8 39. Ra3 Rb7 40. b3 Rxb3 41. Rxb3 Ba4 42. Kd2 Bxb3 43. g3 Ba4 44. e4 fxe4 45. Ke3 Kd6 46. Rd2 Kc5 47. Rf2 d4+ 48. cxd4+ Kb4 49. Rf5 c3 50. Rc5 Kb3 51. Kxe4 c2 52. Kd3 1-0